La libertad condicional y el tercer grado: Unidades Dependientes y artículo 86.4 del reglamento penitenciario = Conditional release and third penitentiary degree : Dependent Units and article 86.4 of the penitentiary regulation

Este trabajo se concibe derivado de un estudio general de mayor envergadura que está realizando el Centro de Estudios Jurídicos y Formación Especializada. Si bien en el estudio general se trabajan y analizan muchos más aspectos, en esta publicación se pretenden presentar resultados descriptivos sobr...

Ausführliche Beschreibung

Gespeichert in:  
Bibliographische Detailangaben
VerfasserInnen: Arnalda-Muñoz, Andrea (Verfasst von) ; Escarré-Borràs, Aida (Verfasst von)
Medienart: Elektronisch Aufsatz
Sprache:Spanisch
Veröffentlicht: 2019
In: International e-journal of criminal sciences
Jahr: 2019, Band: 14, Seiten: 1-23
Online-Zugang: Volltext (kostenfrei)
Verfügbarkeit prüfen: HBZ Gateway
Schlagwörter:

MARC

LEADER 00000caa a22000002c 4500
001 184102046X
003 DE-627
005 20241121085135.0
007 cr uuu---uuuuu
008 230403s2019 xx |||||o 00| ||spa c
035 |a (DE-627)184102046X 
035 |a (DE-599)KXP184102046X 
040 |a DE-627  |b ger  |c DE-627  |e rda 
041 |a spa 
084 |a 2,1  |2 ssgn 
100 1 |a Arnalda-Muñoz, Andrea  |e VerfasserIn  |4 aut 
245 1 3 |a La libertad condicional y el tercer grado  |b Unidades Dependientes y artículo 86.4 del reglamento penitenciario = Conditional release and third penitentiary degree : Dependent Units and article 86.4 of the penitentiary regulation  |c Andrea Arnalda Muñoz, Aida Escarré Borràs 
246 3 1 |a Conditional release and third penitentiary degree  |b Dependent Units and article 86.4 of the penitentiary regulation 
264 1 |c 2019 
336 |a Text  |b txt  |2 rdacontent 
337 |a Computermedien  |b c  |2 rdamedia 
338 |a Online-Ressource  |b cr  |2 rdacarrier 
500 |a Literaturverzeichnis: Seite 22-23 
520 |a Este trabajo se concibe derivado de un estudio general de mayor envergadura que está realizando el Centro de Estudios Jurídicos y Formación Especializada. Si bien en el estudio general se trabajan y analizan muchos más aspectos, en esta publicación se pretenden presentar resultados descriptivos sobre las características de aquellas personas que pasan por libertad condicional y diferentes modalidades de 3r grado penitenciario. La muestra de este trabajo se compone de un total de 1.567 personas que en algún momento del año 2012 estaban cumpliendo en modalidad de Unidad Dependiente, artículo 86.4 RP o libertad condicional. Se ha realizado un estudio descriptivo de distintas variables sociodemográficas, personales, penales y penitenciarias de todos estos sujetos. Los resultados de este estudio apuntan cuáles son las líneas de aplicación de estas modalidades de cumplimiento en Cataluña, y permiten hacerse una idea inicial y aproximada en relación a las características generales de los usuarios de éstas. This work is conceived as a result of a larger general study developed by Centro de Estudios Jurídicos y Formación Especializada. 
520 |a Although more aspects are analysed in the general study, this publication presents descriptive results about the characteristics of those people who go through conditional release as well as different modalities of third penitentiary degree. The sample of this work is made up of 1.567 people who, at some moment in 2012, were in the modality of Dependent Unit, article 86.4 RP or conditional release. A descriptive study presents the different sociodemographic, personal, criminal and penitentiary variables of all these subjects. The results of this study indicate which are the lines of application of these compliance modalities in Catalonia and allow for an initial and approximate idea regarding the general characteristics of its users. 
650 4 |a dependent units 
650 4 |a telematic control 
650 4 |a Prisons 
650 4 |a open regime 
650 4 |a penal execution 
650 4 |a unidades dependientes 
650 4 |a control telemático 
650 4 |a Prisiones 
650 4 |a medio abierto 
650 4 |a ejecución penal 
700 1 |a Escarré-Borràs, Aida  |e VerfasserIn  |4 aut 
773 0 8 |i Enthalten in  |t International e-journal of criminal sciences  |d Donostia - San Sebastián : DMS International Research Center, 2007  |g 14(2019), Artikel-ID 2, Seite 1-23  |h Online-Ressource  |w (DE-627)1826705147  |w (DE-600)3141746-2  |x 1988-7949  |7 nnas 
773 1 8 |g volume:14  |g year:2019  |g elocationid:2  |g pages:1-23 
856 4 0 |u https://ojs.ehu.eus/index.php/inecs/article/view/21274/19113  |x Verlag  |z kostenfrei  |3 Volltext  |7 0 
951 |a AR 
ELC |a 1 
LOK |0 000 xxxxxcx a22 zn 4500 
LOK |0 001 4301146180 
LOK |0 003 DE-627 
LOK |0 004 184102046X 
LOK |0 005 20230403090959 
LOK |0 008 230403||||||||||||||||ger||||||| 
LOK |0 040   |a DE-21-110  |c DE-627  |d DE-21-110 
LOK |0 092   |o n 
LOK |0 852   |a DE-21-110 
LOK |0 852 1  |9 00 
LOK |0 935   |a krzo 
LOK |0 939   |a 03-04-23  |b l01 
OAS |a 1 
ORI |a SA-MARC-krimdoka001.raw